000 00776nam a22002417i 4500
005 20251117094041.0
008 250906s2025 ts a|||cr|||| 00| j ara d
020 _a9789948735335
040 _aJO-AmGAM
_erda
082 1 4 _aق
_bن ا ص
100 1 _aناصر، أمل
_eمؤلف.
245 1 0 _aغيمتوف /
_cنص أمل ناصر ؛ رسوم مريم لاشين.
250 _aالطبعة الأولى.
264 3 1 _aالشارقة :
_bدار شمس للنشر،
_c2025.
300 _a37 صفحة.
336 _2rdacontent
_aنص
_btxt
337 _2rdamedia
_aدون وسيط عرض
_bn
338 _2rdacarrier
_aمجلد
_bnc
650 _aالقصص القصيرة.
700 1 _aلاشين، مريم
_eرسام.
942 _2ddc
_cBK
999 _c247258
_d247258